| 000 | 00484 a2200157 4500 | ||
|---|---|---|---|
| 999 |
_c7322 _d7322 |
||
| 020 | _a9780273686880 | ||
| 050 | _aHF 1416 BRA 2005 | ||
| 100 |
_aBradley, Frank _eauthor |
||
| 245 |
_aInternational marketing strategy / _cFrank Bradley |
||
| 250 | _a5th ed. | ||
| 264 |
_aEngland : _bPearson Education Limited, _c2005 |
||
| 300 |
_a408p.; _bill.(col.) |
||
| 500 | _aIncludes bibliographical references and index | ||
| 650 | _aGlobal marketing | ||
| 942 |
_2lcc _cBK _e5th ed. _h1416 _iBRA _kHF |
||